| 000 | 00671nam a2200205 a 4500 | ||
|---|---|---|---|
| 999 |
_c6336 _d6336 |
||
| 001 | 6336 | ||
| 003 | BD-JhCC | ||
| 005 | 20180121181007.0 | ||
| 008 | 180121s200৫ bg |||| |||| 000 0 ben d | ||
| 035 | _a(BD-JhCC) | ||
| 040 |
_aBD-JhCC _dBD-JhCC |
||
| 041 | _aben | ||
| 082 |
_a297.7 _bCHI 2005 |
||
| 100 | _aচিশতী, সদর উদ্দিন আহমদ | ||
| 245 |
_aমসজিদ দর্শন / _cসদর উদ্দিন আহমদ চিশতী |
||
| 260 |
_aঢাকা: _bর্যামন পাবলিশার্স; _c২০০৫ |
||
| 300 |
_a৩১৬ পৃ;, _c২২ সেমি |
||
| 650 | _aMosque | ||
| 942 |
_2ddc _cBK |
||